000 00775nam a2200277 i 4500
001 C2-0246221
003 PPAK
005 20180727211028.0
008 030322s enka|||| ||||| | eng d
020 _a0721423884
040 _aPPAK
_beng
_cPPAK
_erda
082 0 4 _a428.6
_223
090 0 0 _a428.6
_bJAC
_dK
100 1 _aJackson, Shirley,
_eauthor
245 1 0 _aWhoops, there go my trousers !
264 1 _aLondon :
_bLadybird Books ,
_c[date of publication not identified]
300 _a32 pages :
_bcolour illustrations ;
_c18 cm
336 _2rdacontent
_atext
337 _2rdamedia
_aunmediated
338 _2rdacarrier
_avolume
490 1 _aRead with Ladybird
500 _aBook 12
650 1 0 _aReaders
830 0 _aRead with Ladybird
942 _ddc
_cB
999 _c60186
_d60186